Introducción a la moderna antropología cultural / Philip K. Bock ; Carmen González de Chuaqui, Traductor (Registro nro. 43308)
[ vista simple ]
| 000 -LÍDER | |
|---|---|
| Campo fijo de descripción fija | 011800000a22002170004500 |
| 001 - NÚMERO DE CONTROL | |
| Campo de control | 14445 |
| 020 ## - NÚMERO INTERNACIONAL NORMALIZADO PARA LIBROS | |
| Número Internacional Normalizado del libro | 986-16-1819-X |
| 041 0# - CÓDIGO DE IDIOMA | |
| Código de idioma para texto/pista de sonido o título separado | |
| 082 04 - NÚMERO DE CLASIFICACIÓN DECIMAL DEWEY | |
| Número de clasificación | G 301.2 B6651i |
| 100 1# - ASIENTO PRINCIPAL--NOMBRE PERSONAL | |
| Nombre personal | Bock, Philip K. |
| 245 10 - TÍTULO | |
| Título del Material | Introducción a la moderna antropología cultural / Philip K. Bock ; Carmen González de Chuaqui, Traductor |
| 260 ## - PUBLICACIÓN, DISTRIBUCIÓN, ETC. (PIE DE IMPRENTA) | |
| Lugar de publicación, distribución, etc. | México : Fondo de Cultura Económica |
| 300 ## - DESCRIPCIÓN FÍSICA | |
| Extensión | 584 Pág. |
| 336 ## - CONTENT TYPE | |
| Content type term | texto |
| Content type code | txt |
| Source | rdacontent |
| 337 ## - MEDIA TYPE | |
| Source | rdamedia |
| Media type term | sin mediación |
| Media type code | n |
| 338 ## - CARRIER TYPE | |
| Source | rdacarrier |
| Carrier type term | volumen |
| Carrier type code | nc |
| 500 ## - NOTA GENERAL | |
| Nota General | Título original: Modern cultural anthropology : an introduction |
| 505 00 - NOTA DE CONTENIDO | |
| Nota de contenido con formato preestablecido | - ¿Qué es el hombre? - Aprendiendo a ser humano: Aprendiendo una lengua; El proceso de enculturación - Sistemas sociales: Tipos de personas; Tipos de grupos; Tiempo social y espacio social; Estabilidad y cambio - Sistemas tecnológicos: Las herramientas y las necesidades humanas; Técnicas y habilidades - Sistemas ideológicos: Sistema de creencias; Sistemas de valores; - El antropólogo en acción: Métodos para el trabajo de campo; Métodos comparativos - Epílogo: El estudio apropiado de la humanidad |
| 650 14 - ASIENTO SECUNDARIO DE MATERIA - TERMINO TEMÁTICO | |
| Término temático o nombre geográfico como elemento de entrada | ANTROPOLOGIA CULTURAL |
| 942 ## - TIPO DE MATERIAL (KOHA) | |
| Tipo de Item KOHA | Libros General |
| Estado de Material | Estado de Perdido | Estado de Dañado | No para Préstamo | Colección | Tomo | Biblioteca de Origen | Biblioteca Permanente | Fecha de Adquisición | Total de Préstamos | Signatura Topográfica | Código de Barras | Última vez visto | Ejemplar/Existencia | Fecha de Remplazo | Tipo de Material |
|---|---|---|---|---|---|---|---|---|---|---|---|---|---|---|---|
| Colección General | Biblioteca FUSBC | Biblioteca FUSBC | 05/07/2007 | G 301.2 B6651i | 16499 | 02/06/2022 | 1 | 26/01/2016 | Libros General |
